Score 0/16 Timer 02:30
7 Plays Today
% Correct
Jon Snow
94.8%
Elizabeth II
91.9%
Don Draper
85.5%
Murphy Brown
84.8%
Jack Bauer
82.3%
Derek Morgan
82.1%
Ray Barone
81.6%
Monica Geller
81%
% Correct
Claire Underwood
76.9%
Margaret Houlihan
75.5%
Pierce Hawthorne
74.7%
Molly Flynn
72.1%
Will Truman
69%
Mike McLintock
68.7%
Joyce Byers
68.4%
Anita Van Buren
63.6%

You're not logged in!

Compare scores with friends on all Sporcle quizzes.
OR
Log In

Sporcle TV

Today on Sporcle TV


Watch our educational content, quiz creation guides, and fun videos on Sporcle TV.

Show Comments

Extras

Top Quizzes Today


Score Distribution

Paid Content

Your Account Isn't Verified!

In order to create a playlist on Sporcle, you need to verify the email address you used during registration. Go to your Sporcle Settings to finish the process.

Report this User

Report this user for behavior that violates our Community Guidelines.

Details: